| 000 | 01098nam a22002777a 4500 | ||
|---|---|---|---|
| 005 | 20170124103125.0 | ||
| 010 | _aB-136032 | ||
| 020 | _c200.00 | ||
| 035 | _aB-136032 | ||
| 037 | _bCen Lib/Ret | ||
| 040 |
_aDPL _bHN |
||
| 082 |
_a344.5401 _bजैनश्र |
||
| 100 |
_aजैन _982929 |
||
| 245 |
_aश्रम एवं औधोगिक सन्नियम / _cजैन [और ] गुप्ता |
||
| 246 |
_aShram evam audhogik sanniyam / _bby Jain [aur] Gupta |
||
| 260 |
_aनई दिल्ली _bमहावीर बुक डिपो |
||
| 270 |
_a2603, नै सड़क _bनई दिल्ली _e110006 |
||
| 300 |
_a506पृ. _c21सेमी(सजिल्द) |
||
| 500 | _aअनुक्रमणिका शामिल | ||
| 650 |
_aऔधोगिक सम्बन्ध _982930 |
||
| 650 |
_aश्रम सन्नियम _982931 |
||
| 650 |
_aIndustrial relations _982932 |
||
| 650 |
_aLabor Law _982933 |
||
| 700 |
_aगुप्ता _9500 |
||
| 942 |
_2ddc _cHN _h344.5401 _mजैनश्र |
||
| 999 |
_c119012 _d119012 |
||